000 00480nam a22001577a 4500
005 20251216105006.0
008 251216b |||||||| |||| 00| 0 eng d
020 _a9780443100192
050 _aRS57
_b.W72
100 _aWinfred, Arthur
245 _aCalculations for Pharmaceutical Practice
_cArthur Winfred & Ivan Edafiogho
260 _aEdinburgh
_bElsevier Churchill Livingstone
_c2005
300 _axiii. 323p.
_bill.
_c18.5cm
700 _aEdafiogho, Ivan
942 _2lcc
_cBK
_n0
999 _c8573
_d8573